| 000 | 00378nam a22001457a 4500 | ||
|---|---|---|---|
| 003 | SGT | ||
| 082 |
_a615.538 _bP14S |
||
| 100 | _aSINGAL, VAIDYA GEETA | ||
| 245 | _aPADARTH VIGYAN EVAM AYURVEDA KA ETHIHASH | ||
| 260 |
_aHARYANA _bAYUJYOTY AYURVEDIC COLLEGE _c2014 |
||
| 300 | _a132 | ||
| 650 | _aAYURVEDA | ||
| 653 | _aPADARTH, VIGYAN , AYURVEDA, ETHIHASH | ||
| 942 |
_2ddc _cBK _01 |
||
| 999 |
_c30268 _d30268 |
||